| 000 | 00569nam a2200217Ia 4500 | ||
|---|---|---|---|
| 003 | OSt | ||
| 005 | 20220926014123.0 | ||
| 006 | a|||||r|||| 00| 0 | ||
| 007 | ta | ||
| 008 | 220923b |||||||| |||| 00| 0 eng d | ||
| 037 | _cGeneral Book | ||
| 040 |
_aRTL _cRTL _beng |
||
| 041 |
_2eng _aeng |
||
| 082 | _aX, J2;1 | ||
| 100 | _aBaumol W. J. | ||
| 245 | 0 |
_aEconomics Dynamics _b an introductikon |
|
| 260 |
_aNew York _bMacmillan Co. _c1951 |
||
| 300 |
_a262 p. _ccm. |
||
| 942 |
_hX, J2;1 _cGB _2CC |
||
| 999 |
_c627906 _d627906 |
||